Winner in 2023 F1 Seanson - Statistiques

Statistiques générales
  • Ce quiz a été pris 129 fois
  • Le résultat moyen est 21 sur 22
Statistiques - réponses
Grand Prix Winner % Correct
Bahreïn Max Verstappen
100%
Australie Max Verstappen
97%
Miami Max Verstappen
95%
Espagne Max Verstappen
95%
Canada Max Verstappen
95%
Autriche Max Verstappen
95%
Grande Bretagne Max Verstappen
95%
Hongrie Max Verstappen
95%
Belgique Max Verstappen
95%
Pays bas Max Verstappen
95%
Italie Max Verstappen
95%
Japon Max Verstappen
95%
Qatar Max Verstappen
95%
Etats Unis Max Verstappen
95%
Mexique Max Verstappen
95%
Brésil Max Verstappen
95%
Las Vegas Max Verstappen
95%
Abu Dhabi Max Verstappen
95%
Monaco Max Verstappen
94%
Arabie saoudite Sergio Perez
94%
Azerbaïdjan Sergio Perez
93%
Singapour Carlos Sainz
92%
Aucun quiz correspondant
Distribution des résultats
% des personnes avec chaque résultat
Percentile par nombre de réponses
Votre historique - résultats
Vous n’avez pas pris ce quiz